An introduction to The Grapes of Wrath by John Steinbeck : (Record no. 163960)
[ view plain ]
| 000 -LEADER | |
|---|---|
| fixed length control field | 00915njm a2200205 i 4500 |
| 001 - CONTROL NUMBER | |
| control field | C2-0322324 |
| 003 - CONTROL NUMBER IDENTIFIER | |
| control field | PPAK |
| 005 - DATE AND TIME OF LATEST TRANSACTION | |
| control field | 20180729163422.0 |
| 008 - FIXED-LENGTH DATA ELEMENTS--GENERAL INFORMATION | |
| fixed length control field | 130513s2006 wau|||| ||||| | eng d |
| 040 ## - CATALOGING SOURCE | |
| Original cataloging agency | PPAK |
| Language of cataloging | eng |
| Transcribing agency | PPAK |
| Description conventions | rda |
| 245 13 - TITLE STATEMENT | |
| Title | An introduction to The Grapes of Wrath by John Steinbeck : |
| Remainder of title | audio guide |
| 264 #1 - PRODUCTION, PUBLICATION, DISTRIBUTION, MANUFACTURE, AND COPYRIGHT NOTICE | |
| Place of production, publication, distribution, manufacture | [Washington, D.C.] : |
| Name of producer, publisher, distributor, manufacturer | National Endowment for the Arts , |
| Date of production, publication, distribution, manufacture, or copyright notice | [2006] |
| 336 ## - CONTENT TYPE | |
| Source | rdacontent |
| Content type term | text |
| 337 ## - MEDIA TYPE | |
| Source | rdamedia |
| Media type term | unmediated |
| 338 ## - CARRIER TYPE | |
| Source | rdacarrier |
| Carrier type term | volume |
| 500 ## - GENERAL NOTE | |
| General note | Audio guide ; Narrated by Dana Gioia ; readings by Ed Harris ; featuring Ray Bradbury, Lawson Fusao Inada, Jay Parini, Richard Rodriguez, Susan Shillinglaw, Kevin Starr, Thom Steinbeck, Susan Straight, and Rich Wartzman. ; The Big Read is |
| 650 10 - SUBJECT ADDED ENTRY--TOPICAL TERM | |
| Topical term or geographic name entry element | Steinbeck, John, 1902-1968. Grapes of wrath. ; Steinbeck, John, 1902-1968 - Criticism and interpretation. |
| 700 ## - ADDED ENTRY--PERSONAL NAME | |
| Relator term | author |
| 942 ## - ADDED ENTRY ELEMENTS (KOHA) | |
| -- | dc |
| Koha item type | Book |
No items available.